| 000 | 00562nam a2200169 i 4500 | ||
|---|---|---|---|
| 001 | 188933 | ||
| 003 | ES-MaACL | ||
| 005 | 20230906223333.0 | ||
| 008 | 190227s2014 sp |||| | spa d | ||
| 100 | 1 |
_aLluís y Navas, Jaime. _972976 |
|
| 245 | 1 | 3 |
_aLa libertad de circulación laboral en el ámbito comunitario europeo / _cJaime Lluís y Navas. |
| 260 |
_aBarcelona : _b[J. Lluís y Navas], _c2014. |
||
| 300 |
_a11 p. ; _c21 cm. |
||
| 594 | _aDatos tomados de cub. | ||
| 650 | 0 | 4 |
_aLibre circulación de trabajadores. _9166501 |
| 852 |
_aES-MaACL _j2338-F-5 |
||
| 999 |
_c188933 _d188933 |
||